000 00578nam a2200193Ia 4500
003 GCL
008 140319s9999 xx 000 0 ara d
040 _aGCL /
_cGCL
082 0 4 _a813.01
_bل ق
100 1 _aلطفى الخولى
245 1 0 _aقصص قصيرة /
_cلطفى الخولى
260 _aالقاهرة :
_bمركز الاهرام للترجمة والنشر ،
_c1987
300 _a255 ص ؛
_c22 سم
490 _a
650 0 4 _aالادب العربى
650 0 4 _aالقصص العربية
650 0 4 _aالقصص القصيرة
942 _2ddc
_cBK
999 _c31951
_d31951